Uveitisek konzervatív kezelése

Elmentve itt :
Bibliográfiai részletek
Szerző: Hammer Helga
Dokumentumtípus: Cikk
Megjelent: 1993
Sorozat:GYÓGYSZEREINK 43
Tárgyszavak:
mtmt:32235438
Online Access:http://publicatio.bibl.u-szeged.hu/22761
LEADER 00595nab a2200193 i 4500
001 publ22761
005 20211028085520.0
008 211028s1993 hu o 0|| Magyar d
022 |a 0434-9784 
024 7 |a 32235438  |2 mtmt 
040 |a SZTE Publicatio Repozitórium  |b hun 
041 |a Magyar 
100 1 |a Hammer Helga 
245 1 0 |a Uveitisek konzervatív kezelése  |h [elektronikus dokumentum] /  |c  Hammer Helga 
260 |c 1993 
300 |a 227-229 
490 0 |a GYÓGYSZEREINK  |v 43 
650 4 |a Klinikai orvostan 
856 4 0 |u http://publicatio.bibl.u-szeged.hu/22761/1/Uveitisek.pdf  |z Dokumentum-elérés